Normale Ansicht MARC-Ansicht ISBD

1912 - 2012 (Titelsatznr. 373368)

[ MARC ]
MARC-Details
000 -Satzkennung
Kontrollfeld mit fester Länge 00954nam a2200277 4500
001 - Kontrollnummer
Kontrollfeld 737574844
003 - Kontrollnummer Identifier
Kontrollfeld DE-627
005 - Datum und Zeit der letzten Transaktion
Kontrollfeld 20240926115428.0
007 - Feld mit fester Länge zur physischen Beschreibung - Allgemeine Information
Kontrollfeld mit fester Länge tu
008 - Feld mit fester Länge zur physischen Beschreibung - Allgemeine Angaben
Kontrollfeld mit fester Länge 130305s2012 gw ||||| 00| ||ger c
035 ## - Systemkontrollnummer
System-Kontrollnummer (DE-627)737574844
035 ## - Systemkontrollnummer
System-Kontrollnummer (DE-599)GBV737574844
040 ## - Katalogisierungsquelle
Original-Katalogisierungsstelle DE-627
Katalogisierungssprache ger
Übertragungsstelle DE-2950
Beschreibungsfestlegungen rakwb
Bearbeitungsstelle DE-2950
041 ## - Sprachcode
Sprachcode des Textes/der Tonspur oder des separaten Titels ger
044 ## - Ländercode der veröffentlichenden/herstellenden Stelle
ISO-Ländercode XA-DE
110 2# - Haupteintragung - Körperschaftsname
Körperschafts- oder Gebietskörperschaftsname als Eintragungselement Milchindustrie-Verband
IDN des Normdatensatzes oder Standardnummer (DE-588)516321-3
-- (DE-627)101585330
-- (DE-576)193045818
Code für Beziehungskennzeichnung aut
245 10 - Titel
Titel 1912 - 2012
Zusatz zum Titel 100 Jahre Milchindustrieverband : Festschrift /
Verfasserangabe etc. Milchindustrieverband
264 #1 - Produktion, Veröffentlichung, Distribution, Herstellung und Urheberrechtsvermerk
Herstellungs-, Veröffentlichungs- Vertriebs-, Erzeugungsort [Berlin]:
Produzent, Herausgeber, Distributor, Hersteller Milchindustrie-Verb.,
Datum der Herstellung, der Veröffentlichung, des Vertriebs oder des Urheberschutzvermerks 2012
300 ## - Physische Beschreibung
Umfang 122 S:
Andere physische Details graph. Darst., Ill.
336 ## - Inhaltstyp
Inhaltstypterm Text
Inhaltstypcode txt
Quelle rdacontent
337 ## - Medientyp
Bezeichnung des Medientyps ohne Hilfsmittel zu benutzen
Medientypcode n
Quelle rdamedia
338 ## - Datenträgertyp
Datenträgertypbezeichnung Band
Datenträgertypcode nc
Quelle rdacarrier
500 ## - Allgemeine Fußnote
Allgemeine Fußnote Darin: Zu Martin Schenk, Frankfurt (Oder), Präsident des Verbandes der Milchindustrie ab 1990, S. 47-48
951 ## - EQUIVALENCE OR CROSS-REFERENCE--GEOGRAPHIC NAME/AREA NAME [OBSOLETE] [CAN/MARC only]
Geografischer Name BO
942 ## - Zusätzliche Felder (Koha)
Klassifikation oder Aufstellungssystematik Andere/Generische Klassifikation
Koha-Medientyp Bücher
Exemplare
Ausgeschieden Verloren Klassifikation oder Aufstellungssystematik Beschädigt Nicht entleihbar Heimatbibliothek Aufenthaltsbibliothek Aufstellungsort Erwerbungsdatum Lieferant Anzahl Ausleihen Signatur Letzte Aktivität Exemplarnummer Preis gültig von Koha-Medientyp
    Andere/Generische Klassifikation     Stadtarchiv Frankfurt (Oder) | Archivbibliothek Stadtarchiv Frankfurt (Oder) | Archivbibliothek Magazin 26/09/2024 Ü: Schenk, Martin   IV: 1592 26/09/2024 63/2024 26/09/2024 Bücher